Largest cities of the stan-countries - Statistics

General Stats
  • This quiz has been taken 65 times
  • The average score is 12 of 17
Answer Stats
Population City % Correct
1,12 m Nur-Sultan
100%
1,09 m Bishkek
98%
17,8 m Karachi
98%
4,32 m Kabul
96%
3,22 m Tashkent
96%
13,0 m Lahore
95%
3,45 m Rawalpindi
95%
2,10 m Almaty
91%
1,01 m Dushanbe
91%
1,39 m Ashgabat
89%
2,27 m Hyderabad
64%
3,65 m Faisalabad
60%
1,14 m Quetta
44%
2,35 m Peshawar
36%
2,10 m Multan
35%
2,77 m Gujranwala
24%
1,05 m Shymkent
22%
No matching quizzes found
Score Distribution
Percent of People with Each Score
Percentile by Number Answered
Your Score History
You have not taken this quiz